2023 NFL First Round Draft Picks - Statistics

General Stats
  • This quiz has been taken 22 times
  • The average score is 12 of 31
Answer Stats
Picture Hint Answer % Correct
Panthers Bryce Young
100%
Texans CJ Stroud
100%
Colts Anthony Richardson
89%
Texans Will Anderson
68%
Falcons Bijan Robinson
63%
Bills Dalton Kincaid
47%
Seahawks Devon Witherspoon
47%
Lions Jahmyr Gibbs
47%
Eagles Jalen Carter
47%
Seahawks Jaxon Smith Njigba
47%
Vikings Jordan Addison
47%
Ravens Zay Flowers
47%
Raiders Tyree Wilson
42%
Patriots Christian Gonzalez
37%
Cardinals Paris Johnson
37%
Steelers Broderick Jones
32%
Titans Peter Skoronski
32%
Commanders Emmanuel Forbes
26%
Chargers Quentin Johnston
26%
Lions Jack Campbell
21%
Packers Lukas Van Ness
21%
Bengals Myles Murphy
21%
Jets Will McDonald
21%
Giants Deonte Banks
16%
Cowboys Mazi Smith
16%
Eagles Nolan Smith
16%
Jaguars Anton Harrison
11%
Saints Bryan Breese
11%
Buccaneers Calijah Kancey
11%
Bears Kendall Wright
11%
Chiefs Felix Anudike Uzomah
5%
No matching quizzes found
Score Distribution
Percent of People with Each Score
Percentile by Number Answered
Your Score History
You have not taken this quiz